Statistics for Major & Minor Teams That Start With N

Click here to take the quiz!

General Stats

  • This quiz has been taken 8 times
  • The average score is 27 of 60

Answer Stats

Answer% Correct
New Orleans Saints
100%
New York Giants
100%
New York Islanders
100%
New York Jets
100%
New York Mets
100%
New York Rangers
100%
New York Yankees
100%
Nashville Predators
86%
NC State Wolfpack
86%
Nevada Wolf Pack
86%
New England Patriots
86%
New Jersey Devils
86%
New York Knicks
86%
Northern Iowa Panthers
86%
New Hampshire Wildcats
71%
New Mexico Lobos
71%
New Orleans Pelicans
71%
North Alabama Lions
71%
North Carolina Tar Heels
71%
Northwestern Wildcats
71%
Newcastle United
57%
New England Revolution
57%
New York Liberty
57%
North Carolina Central Eagles
57%
Northern Colorado Bears
57%
Notre Dame Fighting Irish
57%
Nebraska Cornhuskers
43%
New Mexico State Aggies
43%
New York City FC
43%
New York Red Bulls
43%
North Carolina A&T Aggies
43%
Northeastern Huskies
43%
Northern Illinois Huskies
43%
Nashville Sounds
29%
New Jersey Generals
29%
Norfolk State Spartans
29%
North Dakota State Bison
29%
Northern Kentucky Norse
29%
Nottingham Forest
29%
Nashville SC
14%
Navy Midshipmen
14%
New Orleans Breakers
14%
New Orleans Privateers
14%
Niagara Purple Eagles
14%
Norfolk Admirals
14%
Norfolk Tides
14%
North Dakota Fighting Hawks
14%
Northern Arizona Lumberjacks
14%
North Texas Mean Green
14%
NBA G League Ignite
0%
Newfoundland Growlers
0%
New Hampshire Fisher Cats
0%
New York Guardians
0%
Niagara IceDogs
0%
Nicholls Colonels
0%
NJIT Highlanders
0%
North Bay Battalion
0%
North Florida Ospreys
0%
Northwest Arkansas Naturals
0%
Northwestern State Demons
0%

Score Distribution

Percentile by Number Answered

Percent of People with Each Score

Your Score History

You have not taken this quiz